000
00277nam a22001337a 4500
003
SGT
082
_a
612
_b
C14J
100
_a
JAIN,A.K
245
_a
CONCISE PRACTICAL PHYSIOLOGY
260
_a
DELHI
_b
ARYA PUB
_c
2009
300
_a
100
650
_a
PHYSIOLOGY
942
_2
ddc
_c
BK
_0
7
999
_c
8507
_d
8507